[Event "Titled Tuesday intern op 25th Mar Early"]
[Site "Chess.com INT"]
[Date "2025.03.25"]
[Round "1"]
[White "Bagchi, Sounak"]
[Black "Novik, Maxim"]
[Result "1-0"]
[WhiteElo "2030"]
[BlackElo "2398"]
[PlyCount "51"]
[EventDate "2025.03.25"]
[EventType "swiss (blitz)"]
[EventRounds "11"]
[EventCountry "USA"]
[SourceTitle "CB14_2025"]
[SourceDate "2024.11.01"]
[SourceVersion "1"]
[SourceVersionDate "2024.11.01"]
[SourceQuality "1"]

1. e4 c5 2. Nf3 Nc6 3. Bb5 g6 4. Bxc6 dxc6 5. d3 Bg7 6. h3 Qc7 7. Nc3 e5 8. 0-0 Nf6 9. Nh2 Nh5 10. Ne2 h6 11. f4 exf4 12. Nxf4 Nxf4 13. Bxf4 Qe7 14. Ng4 Bxb2 15. Rb1 Bg7 16. Qf3 h5 17. Ne3 0-0 18. Qg3 Be6 19. Bd6 Qd7 20. Bxf8 Rxf8 21. Kh1 b6 22. a3 Qd4 23. Rf3 Be5 24. Qg5 Bg7 25. Rbf1 Qe5 26. Qe7 1-0

[Event "Titled Tuesday intern op 04th Mar Early"]
[Site "Chess.com INT"]
[Date "2025.03.04"]
[Round "1"]
[White "Bagchi, Sounak"]
[Black "Sharapov, Evgeny"]
[Result "0-1"]
[WhiteElo "2030"]
[BlackElo "2375"]
[PlyCount "94"]
[EventDate "2025.03.04"]
[EventType "swiss (blitz)"]
[EventRounds "11"]
[EventCountry "USA"]
[SourceTitle "CB11_2025"]
[SourceDate "2025.03.12"]
[SourceVersion "1"]
[SourceVersionDate "2025.03.12"]
[SourceQuality "1"]

1. e4 c5 2. Nf3 d6 3. d4 cxd4 4. Qxd4 e5 5. Qd1 h6 6. c4 Nf6 7. Nc3 Be7 8. Be2 0-0 9. h3 Nbd7 10. 0-0 b6 11. Bd3 Nc5 12. Bc2 Bb7 13. Re1 a6 14. Nd5 Nxd5 15. cxd5 a5 16. a3 a4 17. Be3 Qd7 18. Nd2 Qb5 19. Rb1 Rfc8 20. Nf3 Ba6 21. Bd2 Nb3 22. Bxb3 Qxb3 23. Qxb3 axb3 24. Bc3 Bd3 25. Rbc1 f5 26. Nd2 Bg5 27. g3 Rxc3 28. Rxc3 Bxd2 29. Rxd3 Bxe1 30. exf5 Ra5 31. Kf1 e4 32. Rd1 Bc3 33. bxc3 Rxa3 34. Rb1 Kf7 35. Ke2 Kf6 36. g4 Ke5 37. Ke3 Kxd5 38. h4 Kc4 39. g5 hxg5 40. hxg5 Kxc3 41. f6 gxf6 42. gxf6 b2 43. f7 Ra8 44. Re1 Rf8 45. Kxe4 Rxf7 46. Kd5 Rxf2 47. Kxd6 Kc2 0-1

[Event "Titled Tuesday intern op 24th Sep Early"]
[Site "Chess.com INT"]
[Date "2024.09.24"]
[Round "4"]
[White "Bagchi, Sounak"]
[Black "Rajanya, Datta"]
[Result "1-0"]
[WhiteElo "2030"]
[BlackElo "1812"]
[PlyCount "87"]
[EventDate "2024.09.24"]
[EventType "swiss (blitz)"]
[EventRounds "11"]
[EventCountry "USA"]
[SourceTitle "EXT 2025"]
[Source "ChessBase"]
[SourceDate "2024.10.14"]
[SourceVersion "1"]
[SourceVersionDate "2024.10.14"]
[SourceQuality "1"]

1. e4 e5 2. Nf3 Nc6 3. Bc4 Nf6 4. d3 h6 5. 0-0 d6 6. Nc3 g6 7. Nd5 Bg7 8. Nxf6+ Qxf6 9. Be3 0-0 10. Qd2 Kh7 11. h3 Bxh3 12. Nh2 Be6 13. Bd5 Qe7 14. f4 exf4 15. Bxf4 Ne5 16. c4 c6 17. Bxe6 Qxe6 18. Nf3 Nxf3+ 19. Rxf3 d5 20. cxd5 cxd5 21. Rh3 h5 22. Re1 dxe4 23. Rxe4 Qb6+ 24. Kh2 Qxb2 25. Qd1 Rfe8 26. Bc1 Qxa2 27. Ra4 Qe2 28. Qb3 Qe5+ 29. Bf4 Qe7 30. Qb5 Be5 31. Re4 Bxf4+ 32. Rxf4 Qc7 33. Qg5 Re5 34. Rxf7+ Qxf7 35. Qxe5 a5 36. Rf3 Qg7 37. Qd5 a4 38. Rf7 a3 39. Rxg7+ Kxg7 40. Qxb7+ Kh6 41. Qxa8 Kg7 42. Qxa3 Kh6 43. Qc3 Kh7 44. Qd4 1-0

[Event "Titled Tuesday intern op 06th Aug Late"]
[Site "Chess.com INT"]
[Date "2024.08.06"]
[Round "10"]
[White "Baches Garcia, Guillermo"]
[Black "Bagchi, Sounak"]
[Result "0-1"]
[WhiteElo "2322"]
[BlackElo "2030"]
[PlyCount "236"]
[EventDate "2024.08.06"]
[EventType "swiss (blitz)"]
[EventRounds "11"]
[EventCountry "USA"]
[SourceTitle "EXT 2025"]
[Source "ChessBase"]
[SourceDate "2024.10.14"]
[SourceVersion "1"]
[SourceVersionDate "2024.10.14"]
[SourceQuality "1"]

1. d4 Nf6 2. c4 e6 3. Nc3 Bb4 4. Qc2 d5 5. a3 Be7 6. cxd5 exd5 7. Bg5 c6 8. e3 h6 9. Bh4 0-0 10. Bd3 Re8 11. Nf3 Ne4 12. Bxe7 Qxe7 13. Bxe4 dxe4 14. Nd2 Bf5 15. 0-0 Bg6 16. b4 Nd7 17. Nc4 Nf6 18. Ne5 Bh7 19. Rfc1 a6 20. Qb3 Red8 21. Rab1 Nd5 22. Nxd5 Rxd5 23. Nc4 Re8 24. a4 Rg5 25. Ne5 Kf8 26. b5 f6 27. Nc4 cxb5 28. Na5 Bg8 29. Qc2 Bd5 30. axb5 Qe6 31. Kh1 Qg4 32. Rg1 Rc8 33. Qd2 Rh5 34. g3 Be6 35. d5 Qf3+ 36. Rg2 Bh3 37. Rbg1 Bxg2+ 38. Rxg2 Qf5 39. Rg1 Qxd5 40. Qb4+ Qc5 41. Qd2 axb5 42. Nb3 Qd5 43. Nd4 Re5 44. Qb2 Kg8 45. Ra1 Kh7 46. Kg2 Re7 47. Qb4 Rec7 48. Ra5 Rc4 49. Qe7 R4c7 50. Qb4 Qc5 51. Qb2 Qh5 52. Rxb5 Qd1 53. Qb1 Rc1 54. Qxe4+ Kh8 55. Kh3 Qf1+ 56. Qg2 Qd3 57. Rxb7 R1c5 58. g4 Qg6 59. Qf3 h5 60. gxh5 Rxh5+ 61. Qxh5+ Qxh5+ 62. Kg3 Qg5+ 63. Kf3 Qh5+ 64. Kg3 Qe5+ 65. Kf3 Rf8 66. Rb5 Qd6 67. Rh5+ Kg8 68. Nf5 Qc6+ 69. e4 Qd7 70. Rh3 g6 71. Rg3 Kf7 72. Nh6+ Kg7 73. Ng4 f5 74. Ne3 fxe4+ 75. Kxe4 Re8+ 76. Kf3 Qb7+ 77. Kg4 Re4+ 78. Kh3 Qd7+ 79. Kg2 Rf4 80. Ng4 Qd4 81. Ne3 Qe4+ 82. Kg1 Qb1+ 83. Kg2 Qb7+ 84. Kg1 Qb2 85. Ng4 Qc1+ 86. Kg2 Qc6+ 87. Kg1 Qe6 88. h3 g5 89. Kg2 Kg6 90. Ne3 Qe4+ 91. Kg1 Qb1+ 92. Kg2 Rd4 93. Ng4 Rd2 94. Rf3 Qb7 95. Kg3 Qc7+ 96. Kg2 Rd4 97. Rf6+ Kg7 98. Rf3 Rf4 99. Re3 Qd7 100. Re5 Rxg4+ 101. hxg4 Qxg4+ 102. Kf1 Qd1+ 103. Kg2 Kf6 104. Re3 g4 105. Rg3 Kf5 106. Re3 Kf4 107. Rg3 Qd5+ 108. Kg1 Qh5 109. Kg2 Qc5 110. Re3 Qc1 111. Rg3 Qc6+ 112. Kg1 Qe4 113. Re3 Qb1+ 114. Kg2 Qc1 115. Rg3 Qe1 116. Re3 Qd1 117. Rg3 Qd5+ 118. Rf3+ Qxf3+ 0-1

[Event "Titled Tuesday intern op 06th Aug Late"]
[Site "Chess.com INT"]
[Date "2024.08.06"]
[Round "3"]
[White "Bagchi, Sounak"]
[Black "Melillo, Lucius"]
[Result "1-0"]
[WhiteElo "2030"]
[BlackElo "2260"]
[PlyCount "49"]
[EventDate "2024.08.06"]
[EventType "swiss (blitz)"]
[EventRounds "11"]
[EventCountry "USA"]
[SourceTitle "EXT 2025"]
[Source "ChessBase"]
[SourceDate "2024.10.14"]
[SourceVersion "1"]
[SourceVersionDate "2024.10.14"]
[SourceQuality "1"]

1. e4 Nf6 2. e5 Nd5 3. d4 d6 4. Nf3 g6 5. Bc4 Nb6 6. Bb3 Bg7 7. 0-0 0-0 8. a4 dxe5 9. dxe5 Nc6 10. a5 Qxd1 11. Rxd1 Nd7 12. e6 Nc5 13. exf7+ Kh8 14. Bc4 Be6 15. Bxe6 Nxe6 16. c3 Nc5 17. Bf4 e5 18. Be3 Nb3 19. Ra4 Ncxa5 20. Ng5 b5 21. Rh4 h6 22. Ne6 Rxf7 23. Bxh6 Bf6 24. Bg7+ Kg8 25. Rh8# 1-0

[Event "Titled Tuesday intern op 06th Aug Late"]
[Site "Chess.com INT"]
[Date "2024.08.06"]
[Round "1"]
[White "Kiewra, Keaton F"]
[Black "Bagchi, Sounak"]
[Result "1/2-1/2"]
[WhiteElo "2287"]
[BlackElo "2030"]
[PlyCount "151"]
[EventDate "2024.08.06"]
[EventType "swiss (blitz)"]
[EventRounds "11"]
[EventCountry "USA"]
[SourceTitle "EXT 2025"]
[Source "ChessBase"]
[SourceDate "2024.10.14"]
[SourceVersion "1"]
[SourceVersionDate "2024.10.14"]
[SourceQuality "1"]

1. d4 Nf6 2. Bg5 g6 3. Bxf6 exf6 4. e3 d5 5. g3 Bd6 6. Bg2 c6 7. Ne2 h5 8. h4 Bf5 9. Nf4 Na6 10. Nd2 Nb4 11. 0-0 Bxc2 12. Qf3 Bf5 13. a3 Nd3 14. e4 dxe4 15. Nxe4 Nxf4 16. gxf4 0-0 17. Ng3 Bg4 18. Qb3 Bxf4 19. Qxb7 Rb8 20. Qxc6 Rxb2 21. Ne4 Kg7 22. d5 Rb6 23. Qc5 Be5 24. Rac1 Qb8 25. Qa5 Rd8 26. Nc5 Rb5 27. Qa4 Bb2 28. Rc2 Bf5 29. Ne4 Be5 30. Rc6 Rbxd5 31. Ng3 Bxg3 32. fxg3 Rd2 33. Qf4 Qxf4 34. Rxf4 R2d3 35. Kh2 Rxa3 36. Rf2 a5 37. Ra6 Ra1 38. Ra7 a4 39. Rb2 Be6 40. Bh3 Bxh3 41. Kxh3 a3 42. Re2 Rf8 43. Kg2 a2 44. Raxa2 Rxa2 45. Rxa2 Re8 46. Ra7 Re6 47. Kf3 f5 48. Kf4 Kf6 49. Rb7 Rd6 50. Kf3 Ke6 51. Rb5 f6 52. Rb8 g5 53. Rh8 Rd3+ 54. Kf2 f4 55. gxf4 gxf4 56. Rxh5 Rh3 57. Ra5 Rxh4 58. Rb5 Kf7 59. Ra5 Kg6 60. Rb5 Rh3 61. Ra5 Rc3 62. Rb5 f5 63. Rb8 f3 64. Rb4 Kg5 65. Ra4 f4 66. Ra8 Kf5 67. Rf8+ Ke5 68. Re8+ Kd4 69. Re7 Re3 70. Rf7 Ke4 71. Re7+ Kd4 72. Rf7 Ke5 73. Re7+ Kf5 74. Rxe3 fxe3+ 75. Kxf3 e2 76. Kxe2 1/2-1/2

[Event "Titled Tuesday intern op 06th Aug Late"]
[Site "Chess.com INT"]
[Date "2024.08.06"]
[Round "8"]
[White "Novoselov, Roman"]
[Black "Bagchi, Sounak"]
[Result "1-0"]
[WhiteElo "2261"]
[BlackElo "2030"]
[PlyCount "62"]
[EventDate "2024.08.06"]
[EventType "swiss (blitz)"]
[EventRounds "11"]
[EventCountry "USA"]
[SourceTitle "EXT 2025"]
[Source "ChessBase"]
[SourceDate "2024.10.14"]
[SourceVersion "1"]
[SourceVersionDate "2024.10.14"]
[SourceQuality "1"]

1. e4 c5 2. Nc3 Nc6 3. f4 g6 4. Nf3 Bg7 5. Bc4 Nf6 6. e5 Ng8 7. Ng5 e6 8. Nce4 Bf8 9. f5 Nxe5 10. fxe6 dxe6 11. 0-0 h6 12. d4 Qxd4+ 13. Qxd4 cxd4 14. Bb5+ Ke7 15. Bf4 hxg5 16. Bxe5 Rh4 17. Bd6+ Kd8 18. Rxf7 Bxd6 19. Nxd6 Ne7 20. g3 Rh8 21. Raf1 a6 22. Bc4 Kd7 23. Ne4 b5 24. Bd3 Ra7 25. Nxg5 Ke8 26. Bxg6 Kd8 27. Be4 Bd7 28. Rg7 Ke8 29. Rff7 Bc8 30. Bg6 Rf8 31. Rxe7+ Kd8 1-0

[Event "Titled Tuesday intern op 29th Aug Late"]
[Site "Chess.com INT"]
[Date "2023.08.29"]
[Round "11"]
[White "Bagchi, Sounak"]
[Black "Marchesich, Giovanni"]
[Result "1/2-1/2"]
[WhiteElo "2030"]
[BlackElo "2206"]
[PlyCount "144"]
[EventDate "2023.08.29"]
[EventType "swiss (blitz)"]
[EventRounds "11"]
[EventCountry "USA"]
[SourceTitle "EXT 2024"]
[Source "ChessBase"]
[SourceDate "2023.10.10"]
[SourceVersion "1"]
[SourceVersionDate "2023.10.10"]
[SourceQuality "1"]

1. Nf3 b6 2. g3 Bb7 3. Bg2 e5 4. 0-0 e4 5. Nd4 c5 6. Nb3 f5 7. d3 Nf6 8. Nc3 d5 9. dxe4 fxe4 10. Bg5 Be7 11. Qd2 Nbd7 12. Rad1 d4 13. Nb1 0-0 14. c3 e3 15. fxe3 Bxg2 16. Kxg2 Ne4 17. Bxe7 Qxe7 18. Qd3 dxe3 19. Qxd7 Qg5 20. Qd5+ Qxd5 21. Rxd5 Rxf1 22. Kxf1 Rf8+ 23. Kg1 Rf2 24. Re5 Rxe2 25. Rxe4 Re1+ 26. Kg2 Rxb1 27. Rxe3 Rxb2+ 28. Kf3 Rxa2 29. h4 Rb2 30. Nc1 a5 31. Ne2 b5 32. Re5 c4 33. Nd4 b4 34. Rxa5 Rd2 35. Ra8+ Kf7 36. Ne2 b3 37. Rb8 h5 38. Ke3 Rd3+ 39. Kf2 Rd2 40. Ke1 Ra2 41. Kd1 b2 42. Nf4 g6 43. Kc2 b1Q+ 44. Kxb1 Rf2 45. Rb7+ Kf6 46. Rb6+ Kf5 47. Rb5+ Ke4 48. Rg5 Ke3 49. Rxg6 Kd2 50. Rg5 Kxc3 51. Rxh5 Rf1+ 52. Ka2 Kd2 53. Nd5 Rf8 54. g4 Kc2 55. Ne3+ Kc3 56. Nxc4 Kxc4 57. Rg5 Kd4 58. Kb2 Ke4 59. h5 Kf4 60. Rg6 Kg3 61. Kc3 Kh4 62. Kd4 Re8 63. Kd5 Re1 64. Re6 Rd1+ 65. Ke5 Kxg4 66. h6 Kg5 67. h7 Rh1 68. Re7 Kg6 69. Kd6 Rxh7 70. Re6+ Kg7 71. Re7+ Kg6 72. Rxh7 Kxh7 1/2-1/2

[Event "Titled Tuesday intern op 29th Aug Late"]
[Site "Chess.com INT"]
[Date "2023.08.29"]
[Round "6"]
[White "Kanyamarala, Tarun"]
[Black "Bagchi, Sounak"]
[Result "1-0"]
[WhiteElo "2344"]
[BlackElo "2030"]
[PlyCount "69"]
[EventDate "2023.08.29"]
[EventType "swiss (blitz)"]
[EventRounds "11"]
[EventCountry "USA"]
[SourceTitle "EXT 2024"]
[Source "ChessBase"]
[SourceDate "2023.10.10"]
[SourceVersion "1"]
[SourceVersionDate "2023.10.10"]
[SourceQuality "1"]

1. e4 e5 2. Nf3 Nc6 3. Bc4 Bc5 4. d3 Nf6 5. Bg5 d6 6. a4 a6 7. 0-0 Be6 8. Nbd2 0-0 9. c3 h6 10. Bh4 Re8 11. Bxe6 Rxe6 12. Nc4 d5 13. exd5 Qxd5 14. Bxf6 Rxf6 15. Re1 Rd8 16. Ncxe5 Nxe5 17. Rxe5 Bxf2+ 18. Kf1 Qd6 19. d4 Bh4 20. Kg1 Bg5 21. Nxg5 hxg5 22. Rxg5 Re8 23. Qd2 Qe6 24. Re5 Qd7 25. Rae1 Rxe5 26. Rxe5 Qxa4 27. h3 Qd7 28. Qe2 Re6 29. Qg4 Qe7 30. Rg5 Re1+ 31. Kh2 Qd6+ 32. g3 Qf6 33. Qc8+ Kh7 34. Rh5+ Kg6 35. Qg4+ 1-0

[Event "Titled Tuesday intern op 25th Jul Late"]
[Site "Chess.com INT"]
[Date "2023.07.25"]
[Round "2"]
[White "Novik, Maxim"]
[Black "Bagchi, Sounak"]
[Result "0-1"]
[WhiteElo "2436"]
[BlackElo "2030"]
[PlyCount "142"]
[EventDate "2023.07.25"]
[EventType "swiss (blitz)"]
[EventRounds "11"]
[EventCountry "USA"]
[SourceTitle "EXT 2024"]
[Source "ChessBase"]
[SourceDate "2023.10.10"]
[SourceVersion "1"]
[SourceVersionDate "2023.10.10"]
[SourceQuality "1"]

1. e4 c5 2. Nf3 Nc6 3. Bb5 g6 4. 0-0 Bg7 5. Re1 e6 6. c3 Nge7 7. d4 cxd4 8. cxd4 d5 9. e5 a6 10. Bd3 0-0 11. a3 Qb6 12. Bc2 Nf5 13. Bxf5 exf5 14. Nc3 Be6 15. Be3 Rac8 16. Qd2 Na5 17. Rad1 Nc4 18. Qe2 Qxb2 19. Na4 Qxe2 20. Rxe2 Nxa3 21. Nc5 Rc7 22. Rb2 Bc8 23. Nd2 Nb5 24. f4 Re8 25. Ra1 Bf8 26. Ndb3 b6 27. Nxa6 Ra7 28. Rba2 Nc3 29. Rc2 Rxa6 30. Rxa6 Bxa6 31. Rxc3 Bc4 32. Nd2 b5 33. Nxc4 bxc4 34. Rc2 Rb8 35. Kf2 Kg7 36. Ra2 Rb3 37. Ra5 c3 38. Ke2 c2 39. Bc1 Rb1 40. Kd2 Bb4+ 41. Kxc2 Rxc1+ 42. Kxc1 Bxa5 43. Kc2 Kf8 44. h3 Ke7 45. g4 Ke6 46. Kd3 Bb6 47. Kc3 h6 48. Kd3 f6 49. Kc3 fxg4 50. hxg4 f5 51. gxf5+ Kxf5 52. Kd3 h5 53. Ke3 h4 54. Kf3 Bxd4 55. e6 Kxe6 56. Kg4 Kf6 57. Kxh4 Kf5 58. Kg3 Be3 59. Kf3 Bxf4 60. Ke2 Ke4 61. Kf2 d4 62. Ke2 d3+ 63. Kd1 Be3 64. Ke1 Kf3 65. Kd1 Bd4 66. Kd2 Ke4 67. Kd1 Ke3 68. Ke1 d2+ 69. Kd1 g5 70. Kc2 Ke2 71. Kb3 d1Q+ 0-1

[Event "Titled Tuesday intern op 13th Jun Late"]
[Site "Chess.com INT"]
[Date "2023.06.13"]
[Round "11"]
[White "Bagchi, Sounak"]
[Black "Pironti, Francisco Ferrari"]
[Result "1-0"]
[WhiteElo "1950"]
[BlackElo "2010"]
[PlyCount "59"]
[EventDate "2023.06.13"]
[EventType "swiss (blitz)"]
[EventRounds "11"]
[EventCountry "USA"]
[SourceTitle "EXT 2024"]
[Source "ChessBase"]
[SourceDate "2023.10.10"]
[SourceVersion "1"]
[SourceVersionDate "2023.10.10"]
[SourceQuality "1"]

1. e4 e5 2. Nf3 Nc6 3. d4 exd4 4. Nxd4 Nf6 5. Nxc6 bxc6 6. e5 Qe7 7. Qe2 Nd5 8. h4 g6 9. c4 Ba6 10. Rh3 Bg7 11. Ra3 Nb4 12. Re3 c5 13. g3 Nc6 14. Nc3 Nd4 15. Qd3 Bb7 16. Be2 0-0 17. Bd2 Nf5 18. f4 Nxe3 19. Bxe3 d6 20. 0-0-0 dxe5 21. fxe5 Qxe5 22. Bf4 Qd4 23. Qc2 Qf2 24. h5 Rad8 25. Rf1 Qg2 26. h6 Bxc3 27. Qxc3 Rd4 28. Re1 Re8 29. Be3 Rde4 30. Qg7# 1-0